Вып. 34; Записки по гидрографии; Приложение: Шпицберген в русской истории и литературе. Краткий исторический очерк русских плаваний и промыслов на Шпицбергене и Подробный указатель литературы и архивных дел, относящихся к этим вопросам

Chi tiết về thư mục
Parent link:Записки по гидрографии: [научный журнал]/ Российская империя, Главное гидрографическое управление (ГГУ). Вып. 34.— , 1902-
Ngôn ngữ:Tiếng Nga
Được phát hành: 1912
TOC:А. Ф. Шидловский, Приложение: Шпицберген в русской истории и литературе. Краткий исторический очерк русских плаваний и промыслов на Шпицбергене и Подробный указатель литературы и архивных дел, относящихся к этим вопросам;
Định dạng: MixedMaterials Sách
KOHA link:https://koha.lib.tpu.ru/cgi-bin/koha/opac-detail.pl?biblionumber=581636

MARC

LEADER 00000nam2a2200000 4500
001 581636
005 20231101130721.0
035 |a (RuTPU)RU\TPU\prd\281813 
035 |a RU\TPU\prd\281812 
090 |a 581636 
100 |a 20181217a19129999k y0rusy50 ca 
101 0 |a rus 
102 |a RU 
200 0 |a Вып. 34 
210 |d 1912 
461 1 |0 (RuTPU)RU\TPU\prd\187  |t Записки по гидрографии  |o [научный журнал]  |f Российская империя, Главное гидрографическое управление (ГГУ)  |v Вып. 34  |d 1902-  
464 |t Приложение: Шпицберген в русской истории и литературе. Краткий исторический очерк русских плаваний и промыслов на Шпицбергене и Подробный указатель литературы и архивных дел, относящихся к этим вопросам  |f А. Ф. Шидловский 
801 0 |a RU  |b 63413507  |c 20010227  |g PSBO 
801 1 |a RU  |b 63413507  |c 20141126 
801 2 |a RU  |b 63413507  |c 20181217  |g RCR 
942 |c BK 
999 |a НТБ_ТПУ  |b НФ  |e -9/20180109  |p П-917  |u 1,00  |v 1